00657nam a2200181Ia 4500008004000000020001900040082001500059100002300074245006200097260004900159300001100208440000600219650003600225690001800261906001100279999001900290952016600309210210b2001 xxu||||| |||| 00| 0 eng d a81 57958 091 2 a300.3 MICE aMICHIE (Jonathan). aEncyclopaedia of social sciences a reader's guide. Vol 1. aLondon.bFitzroy Dearborn Publishers.,c2001 axl,411 a1 aEncyclopaedia Social Sciences  aEncyclopaedia a057581 c105156d105156 001040738Social ScienceaALbALcSocial Scienced2021-02-17eStandard Literature, Mumbai.g3125.00l0o300.3 MICEp057581r2021-02-17 00:00:00w2021-02-17yBK